000 00449nam a22001457a 4500
005 20231124071848.0
008 231124b |||||||| |||| 00| 0 eng d
041 _aEnglish / Mauritian
082 _a341 MAU
100 _lEnglish
245 _aThe Mauritian International Arbitration Act 2008 :
_bText and Travaux Preparatoires
300 _b286 pages ;
_c22 cm.
650 _aLegal practice
_bLaw
942 _cBK
_6ALISON_BN_VRIES
999 _c926
_d926